000 00597nam a2200181Ia 4500
008 090630s9999 xx 000 0 und d
082 _b18360
100 _aसोनवणी संजय.
245 _aअखेरचा सम्राट.
_cसोनवणी संजय.
260 _bपुष्प.
_c2000
300 _a230
600 _aसोनवणी संजय.
630 _aअखेरचा सम्राट.
655 _aकादंबरी.
700 _aसोनवणी संजय.
730 _aअखेरचा सम्राट.
942 _cBOOK
999 _c270216
_d270216